000 00523nam a2200205Ia 4500
001 40424
005 20240114003338.0
007 ta
008 071026s g b000 u 465 u
040 _aCotton College,Assam
041 _a465
082 _a823
_bW 581 G
100 _aWhit & Hallie, .
245 0 _aGreat Short Stories of the World /
_cWhit & Hallie.
_hTextual Documents
653 _aEnglish Short Stories
653 _aG-English
942 _2ddc
_cBK
999 _c40395
_d40395